000
00296nam a22001337a 4500
003
SGT
082
_a
349,STO
100
_a
STONE, JULIUS
245
_a
SOCIAL DIMENSIONS OF LAW & JUSTIC
260
_a
NEW DELI
_b
UNIVERSAL BOOK COMPANY
_c
2012
300
_a
933
650
_a
JURIS
942
_2
ddc
_c
BK
999
_c
10128
_d
10128